000 00792nam a2200229 a 4500
001 49309
003 BD-RjUL
005 20211209054649.0
008 160820s1961 bg ||||| |||| 00| 0 ben d
020 _c: Tk.6.50
035 _a(BD-RjUL)49428
040 _aBD-RjUL
_bben
_cBD-RjUL
_dBD-RjUL
041 _aben
082 _223
_a891.5
_bHOD 1961
100 _aহোসেন, কাজী আকরাম
_9124306
245 1 0 _aদাঁউয়ান-ই-হ্যাঁফজ /
_cকাজী আকরাম হোসেন
260 _aঢাকা :
_bআজাদ প্রকাশনী,
_c১৯৬১
300 _a২৪০ পৃ. ;
_c২০ সেমি.
650 _aইরানী সাহিত্য
_9124307
650 _aIranian literature
_9148109
942 _2ddc
_cBK
999 _c49309
_d49309